Detalles MARC
| 000 -LEADER |
| fixed length control field |
01674 am a2200421 a 4500 |
| 005 - FECHA ULTIMA MODIFICACION |
| control field |
20240214125346.0 |
| 008 - CAMPO DE CONTROL (LIBRO) |
| fixed length control field |
100302s2000 ag a f |||| 001 0 spa d |
| 020 ## - INTERNATIONAL STANDARD BOOK NUMBER |
| ISBN |
9500620367 |
| 041 ## - CODIGO DE IDIOMA |
| Código de idioma del texto/pista de sonido o título separado |
spa |
| 092 ## - SIGNATURA TOPOGRAFICA DEWEY LOCAL |
| número de clasificación |
575.1 |
| libristica |
80 |
| sección |
SOL |
| 100 1# - ENTRADA PRINCIPAL--NOMBRE PERSONAL |
| Nombre personal |
Solari, Alberto Juan |
| 9 (RLIN) |
18 |
| 245 ## - TITULO PROPIAMENTE DICHO |
| Título |
Genética Humana. |
| Subtítulo y Título paralelo |
Fundamentos y aplicaciones en medicina / |
| Mención de responsabilidad y remanente de la transcripción de la portada |
Alberto Juan Solari |
| 250 ## - MENCION DE EDICION |
| Mención de edición |
2a ed. 1a reimp. |
| 260 ## - PIE DE IMPRENTA |
| Lugar de publicación, distribución, etc |
Buenos Aires: |
| Nombre de la editorial, distribuidor, etc |
Editorial Médica Panamericana; |
| Fecha de publicación |
2000. |
| 300 ## - DESCRIPCION FISICA |
| Extension |
370 p. |
| Otros detalles físicos |
il. |
| 500 ## - NOTA GENERAL |
| Nota general |
Solari, A. J. (2000). Genética humana. Fundamentos y aplicaciones en medicina. (2a ed.). Buenos Aires : Editorial Médica Panamericana. |
| 653 ## - TÉRMINO INDIZADO - PALABRAS CLAVES |
| Palabra clave |
Fenómenos básicos y técnicas en genética molecular |
| 653 ## - TÉRMINO INDIZADO - PALABRAS CLAVES |
| Palabra clave |
Material genético: ADN y cromosomas |
| 653 ## - TÉRMINO INDIZADO - PALABRAS CLAVES |
| Palabra clave |
Información genética |
| 653 ## - TÉRMINO INDIZADO - PALABRAS CLAVES |
| Palabra clave |
Mutación |
| 653 ## - TÉRMINO INDIZADO - PALABRAS CLAVES |
| Palabra clave |
Patrones de herencia humana |
| 653 ## - TÉRMINO INDIZADO - PALABRAS CLAVES |
| Palabra clave |
Determinación sexual y cromosomas sexuales |
| 653 ## - TÉRMINO INDIZADO - PALABRAS CLAVES |
| Palabra clave |
Ligamiento. Genes ligados al sexo y fenómenos de compensación de dosis |
| 653 ## - TÉRMINO INDIZADO - PALABRAS CLAVES |
| Palabra clave |
Meiosis, recombinación y disyunción. Genética e infertilidad |
| 653 ## - TÉRMINO INDIZADO - PALABRAS CLAVES |
| Palabra clave |
Enfermedades de herencia multifactorial y otros tipos de herencia |
| 653 ## - TÉRMINO INDIZADO - PALABRAS CLAVES |
| Palabra clave |
Genética bioquímica. errores congénitos del metabolismo |
| 653 ## - TÉRMINO INDIZADO - PALABRAS CLAVES |
| Palabra clave |
Anomalías genéticas de proteínas estructurantes |
| 653 ## - TÉRMINO INDIZADO - PALABRAS CLAVES |
| Palabra clave |
Genética del desarrollo normal y del desarrollo de tumores |
| 653 ## - TÉRMINO INDIZADO - PALABRAS CLAVES |
| Palabra clave |
Cariotipo humano y cromosomopatías |
| 653 ## - TÉRMINO INDIZADO - PALABRAS CLAVES |
| Palabra clave |
Genética de los tejidos |
| 653 ## - TÉRMINO INDIZADO - PALABRAS CLAVES |
| Palabra clave |
Genética de algunos procesos fisiológicos |
| 930 ## - NUMERO DE INVENTARIO |
| Número de inventario |
492 |
| 930 ## - NUMERO DE INVENTARIO |
| Número de inventario |
782 |
| 930 ## - NUMERO DE INVENTARIO |
| Número de inventario |
783 |
| 930 ## - NUMERO DE INVENTARIO |
| Número de inventario |
1041 |
| 930 ## - NUMERO DE INVENTARIO |
| Número de inventario |
1042 |
| 942 ## - ADDED ENTRY ELEMENTS (KOHA) |
| Source of classification or shelving scheme |
Dewey Decimal Classification |
| Item type |
Libros |